Städte und Gemeinden im Landkreis Bautzen mit Karte - Statistiken

Allgemein
  • Dieses Quiz wurde 95 mal gespielt
  • Das Durchschnittsergebnis liegt bei 23 aus 57
Antworten auf der Karte
Die Antworten werden auf der Karte rot bzw. grün angezeigt, abhängig davon wie oft sie richtig erraten wurden.
 
Antwortstatistiken
Stadt oder Gemeinde % Korrekt
Bautzen
97%
Hoyerswerda
90%
Kamenz
86%
Bischofswerda
64%
Radeberg
59%
Wittichenau
56%
Pulsnitz
52%
Neschwitz
48%
Ottendorf-Okrilla
48%
Sohland an der Spree
48%
Crostwitz
47%
Göda
47%
Lauta
45%
Lohsa
45%
Neukirch bei Königsbrück
45%
Neukirch/Lausitz
45%
Ralbitz-Rosenthal
45%
Bernsdorf
44%
Burkau
44%
Königswartha
44%
Räckelwitz
44%
Großpostwitz
42%
Wilthen
41%
Königsbrück
40%
Radibor
40%
Malschwitz
38%
Großröhrsdorf
37%
Nebelschütz
37%
Ohorn
37%
Panschwitz-Kuckau
37%
Schirgiswalde-Kirschau
37%
Weißenberg
37%
Arnsdorf
36%
Puschwitz
36%
Elstra
34%
Hochkirch
34%
Großdubrau
33%
Rammenau
33%
Haselbachtal
32%
Oßling
32%
Spreetal
32%
Cunewalde
30%
Großharthau
30%
Laußnitz
30%
Schwepnitz
30%
Elsterheide
29%
Steinigtwolmsdorf
27%
Wachau
27%
Demitz-Thumitz
26%
Großnaundorf
26%
Kubschütz
26%
Frankenthal
25%
Schmölln-Putzkau
25%
Lichtenberg
23%
Steina
23%
Doberschau-Gaußig
19%
Obergurig
19%
Keine übereinstimmenden Quizze gefunden
Verteilung der Resultate
Anzahl Personen mit jedem Resultat
Perzentil nach korrekt beantworteten Fragen
Ihre Resultats-Entwicklung
Sie haben dieses Quiz noch nicht gespielt